STATISTICAL ANALYSIS FOR PUBLIC ADMINIST (Record no. 30343)

MARC details
000 -LEADER
fixed length control field 00394nam a2200145Ia 4500
008 - FIXED-LENGTH DATA ELEMENTS--GENERAL INFORMATION
fixed length control field 240624s9999 xx 000 0 und d
041 ## - LANGUAGE CODE
Language code of text/sound track or separate title eng
082 ## - DEWEY DECIMAL CLASSIFICATION NUMBER
Classification number 519.5024 GIV
100 ## - MAIN ENTRY--PERSONAL NAME
Personal name GIVENTER LAWRENCE L
245 ## - TITLE STATEMENT
Title STATISTICAL ANALYSIS FOR PUBLIC ADMINIST
250 ## - EDITION STATEMENT
Edition statement (2nd ed.)
260 ## - PUBLICATION, DISTRIBUTION, ETC.
Date of publication, distribution, etc. 2008
Place of publication, distribution, etc. London
Name of publisher, distributor, etc. Jones and Bartlett Publishers
300 ## - PHYSICAL DESCRIPTION
Extent xiii, 462 p.; 23 cm.
365 ## - TRADE PRICE
Currency code
Price amount 30
Holdings
Withdrawn status Lost status Damaged status Not for loan Home library Current library Shelving location Date acquired Cost, normal purchase price Full call number Barcode Date last seen Copy number Price effective from Koha item type
  Missing     IMTN IMTN Rack 19-A 03/08/2018 99.95 519.5024 GIV 30343 06/24/2024 66.5 06/24/2024 Books
Designed & Maintained by: LRC IMT Nagpur Contact: lrc@imtnag.ac.in© 2024. All Rights Reserved.